000
00234nam a22001097a 4500
999
_c
260679
_d
260678
020
_a
0439429358
100
_a
Joanna Cole
245
_a
The Magic School Bus
260
_a
New York
_b
Scholastic
_c
2003
300
_a
87 pgs
942
_c
BK